Statistics for Every Nintendo Character part 1:Super Mario Series

Click here to take the quiz!

General Stats

  • This quiz has been taken 94 times
    (81 since last reset)
  • The average score is 59 of 129

Answer Stats

Original GameDescription of the CharacterCharacter Name% Correct
Super Mario Bros.The main villain from Super Mario that kidnaps Peach and locks her up in his castle.Bowser
100%
Mario Bros.2nd player in most Super Mario games.Luigi
100%
Donkey KongThe main character of the Super Mario Brothers world.Mario
100%
Super Mario Bros.The princess that gets kidnapped in every main series Mario game other than Mario Land and Super Mario 3D World.Peach
100%
Super Mario LandShe appears in Mario Land first and was kidnapped by Tatanga. She also appeared as an echo fighter for Peach in Super Smash Brothers Ultimate.Daisy
97%
Super Mario Bros.His first playable debut was in Super Mario Brothers 2. He is one of the residents of the Mushroom Kingdom and comes in tons of color variants.Toad
97%
Super Mario GalaxyThe god of all Lumas, she watches over the Mushroom Kingdom and has the capability of destroying the universe.Rosalina
95%
Super Mario SunshineBowser's son, he appeared firstly in Super Mario Sunshine.Bowser Jr.
91%
Mario Bros.The main shelled enemy that can be green, red, blue, and yellow.Koopa
91%
Super Mario Land 2:6 Golden CoinsHe is a greedy man that loves to steal coins and stars in his own games.Wario
91%
Super Mario WorldHe is the main character of Yoshi's Island and is a ridable character in Super Mario World and the New Super Mario Brothers series.Yoshi
91%
Super Mario Bros.The main enemy that can be stomped on and has been here since the original Super Mario Brothers.Goomba
90%
Mario TennisWario's brother and loves to help him steal coins. He is the only main Mario character other than Toad to make it into a Smash Brothers game as a playable character.Waluigi
90%
Mario Kart:Double Dash!!The girl version of Toad. She is energetic and is a playable character in Captain Toad. She also appeares at the end of Super Mario Oddysey.Toadette
88%
Donkey Kong CountryThis character has his own game series now and also joins Mario in Mario sports games and Mario Party.Donkey Kong
74%
Super Mario SunshineHe is an old Toad and takes care of Princess Peach in the castle. He appeares mainly in the Mario and Luigi games.Toadsworth
71%
Donkey Kong CountryDonkey Kong's best friend that helps Donkey Kong get his bananas back in Donkey Kong Country.Diddy Kong
69%
Super Mario Bros. 3A shy ghost that always covers it's eyes when Mario is looking in it's direction.Boo
67%
Super Mario Bros.The flying variant of a Goomba, it flies around and can be stomped on too take away it's wings.Para-Goomba
67%
Super Mario OddyseyMario wears this character on his head during Super Mario Oddysey.Cappy
64%
Luigi's MansionThe king of all Boos. He makes his first appearance in Super Mario Sunshine as casino manager and makes his first final boss apearance in Luigi's Mansion.King Boo
64%
Super Mario Bros.The flying variant of a Koopa, it appeared first in Super Mario BrothersPara-Koopa
64%
Super Mario Bros.First appeared in Super Mario Brothers. It is fired out of a missle launcher and red variants can follow the Mario brothers with heat tracking.Bullet Bill
62%
Super Mario World 2:Yoshi's IslandThis is Baby Mario's brother.Baby Luigi
60%
Super Mario World 2:Yoshi's IslandThis character appeared as a supporting character that sits on Yoshi throughout Yoshi's Island.Baby Mario
59%
Super Mario Bros. 2It is a mini boss from Super Mario Brothers 2. It can shoot eggs out of its mouth and it is a it.Birdo
59%
Super Mario Bros.Fish enemy since the original Super Mario Brothers.Cheep Cheep
59%
Super Mario World 2:Yoshi's IslandThis is the baby version of Bowser and the main boss in Yoshi's IslandBaby Bowser
57%
Donkey Kong Jr.Is the main character of Donkey Kong Jr. He also appeared in Super Mario Kart.Donkey Kong Jr.
57%
Super Mario Bros.This character flies around on his cloud and fishes characters in Mario Kart and throws Spineys in the 2d Super Mario Brothers games.Lakitu
57%
Mario Kart WiiThis is the baby version of Princess Daisy.Baby Daisy
55%
Mario & Luigi:Partners in TimeThis is the baby version of Princess Peach.Baby Peach
55%
Yoshi's Island DSThis is the baby version of Wario.Baby Wario
55%
Super Mario Bros. 3This enemy is chained to a pole and is very dangerous. Letting it out is a very bad idea.Chain Chomp
55%
Donkey KongThis is the real original Donkey Kong from the original arcade.Cranky Kong
55%
Donkey Kong CountryHe is the main villain of the original trilogy of Donkey Kong Country games. He is a pirate and a mad scientist.King K Rool
55%
Super Mario GalaxyThey are stars that appear in Super Mario Galaxy 1 and 2. Rosalina takes care of them.Luma
55%
Super Mario Bros. 2First appeared in Super Mario World 2:Yoshi's Island as the main bad guy.Shy Guy
55%
Yoshi's Island DSThis is the baby version of Donkey Kong.Baby Donkey Kong
53%
Mario Kart 8This is the baby version of Princess Rosalina.Baby Rosalina
53%
Super Mario Bros.Squid enemy since the original Super Mario Brothers.Blooper
53%
Super Mario Bros. 2This enemy is a bomb and can blow up. It can be thrown at walls and it also appeared in Super Smash Brothers as an assist trophy.Bob-omb
53%
Donkey Kong Country 2:Dixie's Double TroubleThis character helps Diddy Kong get Donkey Kong back after King K Rool kidnapped him in Donkey Kong Country 2. She can whip her hair around in a circle like a helicoptor to fly.Dixie Kong
53%
Dr. MarioA doctor that throws pills in a Puyo Puyo type game that cures disease.Dr. Mario
53%
Super Mario Bros. 3A skeleton version of the Koopa. He appeared as a unlockable character in Super Mario Party.Dry Bones
53%
Super Mario Bros. 3The koopaling on the ball.Lemmy Koopa
53%
Donkey KongShe appeared first in the original Donkey Kong arcade. She later appeared in Super Mario Oddysey as the mayor of New Donk City.Pauline
53%
Super Mario Bros.The plant that goes in and out of pipes and tries to eat Mario.Pirana Plant
53%
Super Mario Bros. 3The female koopaling.Wendy Koopa
53%
Donkey Kong 64Appeared as one of the playable characters in Donkey Kong 64. All you need to know is that he is very CHUNKY.Chunky Kong
52%
New Super Mario Bros. WiiThe skeletal version of Bowser. Appeares in the New Super Mario Brothers series as a boss.Dry Bowser
52%
Super Mario Bros. 3The von koopaling.Ludwig Von Koopa
52%
Dr. LuigiA character that appeared in Dr. Luigi in the year of Luigi.Dr. Luigi
50%
Donkey Kong CountryThis character is the shop keeper in Donkey Kong Tropical Freeze and a new playable character in the Tropical Freeze port for the Switch.Funky Kong
50%
Super Mario Bros. 3The green with the glasses koopaling.Iggy Koopa
50%
Super Mario Bros. 3The fire emblem named koopaling.Roy Koopa
50%
Super Mario Bros.This enemy is thrown down by Lakitu in the original Super Mario Brothers and also can walk on walls. It has a very spiny shell too.Spiny
50%
Super Mario Bros.The most difficult enemy in any Mario level. This duo can throw hammers and can jump from platform to platform.Hammer Bros.
48%
Super Mario World 2:Yoshi's IslandBowser's main guy that helps give Bowser magic every day.Kamek
48%
Super Mario Bros. 3The light blue haired koopaling.Larry Koopa
48%
Super Mario Bros. 3The mole that comes out of the ground or the background walls and runs around or throws wrenches.Monty Mole
47%
Super Mario 64This is Mario when he picks up a metal flower in Super Mario 64.Metal Mario
45%
Paper MarioThe paper version of Bowser.Paper Bowser
45%
Paper MarioThe paper version of Luigi.Paper Luigi
45%
Paper MarioThe paper version of Mario.Paper Mario
45%
Paper MarioThe paper version of Princess Peach.Paper Peach
45%
Super Mario Bros. 3A boss in the New Super Mario Brothers series. He hits the ground with his massive hands.Boom-Boom
43%
Super Mario Bros. 3Hammer bros. but instead they throw boomerangs.Boomerang Bros.
43%
New Super Mario Bros. 2This is one of the playable characters of Mario Kart 8. It is a heavy character because it is made out of Gold.Gold Mario
43%
Paper MarioThe paper version of Bowser Jr.Paper Bowser Jr.
43%
Paper MarioThe paper version of Goomba.Paper Goomba
43%
Paper MarioThe paper version of Koopa.Paper Koopa
43%
Paper MarioThe paper version of Toad.Paper Toad
43%
Paper MarioThe paper version of Yoshi.Paper Yoshi
43%
Mario Kart 8The pink gold version of peach.Pink Gold Peach
43%
Donkey Kong 64A supporting character in the Donkey Kong franchise. She is very TINY and has a pony tail. Tiny Kong
43%
Super Mario Bros. 3Hammer bros. but instead they throw fire.Fire Bros.
41%
Super Mario 64This boss first appeared in Super Mario 64 as the first boss you fight. It has to be thrown 3 times to get the star. King Bob-omb
41%
Donkey Kong 64Appeared in Donkey Kong 64. He has long arms and is based on a orangatang. Lanky Kong
41%
Paper MarioThe paper version of Shy Guy.Paper Shy Guy
41%
Super Mario 3D WorldAnother boss that appeared in the New Super Mario Brothers series. She is also a unlockable character in Super Mario Party.Pom-Pom
41%
Super Mario Bros. 3This worm appears first in Super Mario Brothers 3 and becomes a recurring enemy like Goomba, Koopa, Chain Chomp, and Lakitu.Wiggler
41%
Super Mario Bros. 3The koopaling with junior at the end of its name.Morton Koopa jr.
40%
Paper MarioThe paper version of Lakitu.Paper Lakitu
40%
New Super Mario Bros. U DeluxeThis character is actually Toadette when she picks up the super crown.Peachette
40%
New Super Mario Bros. UThis is a character helper in New Super Mario Brothers U that you can hold and it can either glow up, blow bubbles, and blow up into a balloon. It depends on the color and area your in to where you can find it.Baby Yoshi
38%
Super Smash Bros. MeleeA boss from Smash Brothers Melee using Bowser to turn into a giant version of Bowser. He is also the final smash of Bowser in Brawl and foward.Giga Bowser
38%
Warioware:Touched!First appeared in the Wario Ware series. She is also an assist trophy in Super Smash Brothers 4 and Ultimate.Ashley
36%
New Super Mario Bros. UFirst appeared in the New Super Mario Brothers series. It is a playable character in New Super Luigi U and New Super Mario Brothers Switch.Nabbit
36%
Super Mario SunshineA type of pirana plant that can walk around and kidnaps Peach and Zelda in Super Smash Brothers Brawl, Subspace Emmisary chapter 1.Petey Pirana
36%
Super Mario RPG:Legend of the Seven StarsThis character is one of the playable characters in Super Mario RPG. The most requested character for Smash.Geno
34%
Super Mario WorldA enemy on the first level that wear football armor and can run at full speed.Charging Chuck
33%
Super Mario Bros. 2A mouse that throws bombs in Super Mario Brothers 2. He has never appeared in another Mario game after it.Mouser
33%
Super Mario SunshineThis character is actually Bowser jr. in disguise to get Mario arrested.Shadow Mario
33%
Super Mario Bros. 2The main villain of Super Mario Brothers 2.Wart
33%
Super Mario WorldThe big bullet bill variant that is very big but also very slow. First appeared in Super Mario World.Banzai Bill
31%
Super Mario World 2:Yoshi's IslandShy Guy but with a propeller on his headFly Guy
31%
Super Mario OddyseyCappy's sister that was stolen by Bowser in Super Mario Oddysey.Tiara
31%
Super Mario GalaxyAppeared in Mario Galaxy and is the cosmic version of Luigi.Cosmic Luigi
29%
Super Mario GalaxyAppeared in Mario Galaxy and is the cosmic version of Mario.Cosmic Mario
29%
Super Mario Galaxy 2The captain of the Mario starship in Super Mario Galaxy 2. He is purple and kinda chubby and loves to drive the starship.Lubba
29%
Super Mario SunshineAlso residents of Super Mario Sunshine's Delfino Plaza. They come in many color variants but are only girls.Noki
29%
Super Mario SunshineThe residents of Super Mario Sunshine's Delfino Plaza. They accuse Mario of treason and locks him up in jail.Pianta
29%
Super Mario Bros.This enemy is basically a Spiny but with a blue shell. There is also a red variant.Buzzy Beetle
24%
Super Mario GalaxyThis queen appears in the Super Mario Galaxy series. She commands the full bee force.Honey Queen
24%
Donkey Kong CountryThe rhino that Donkey Kong rides in the Donkey Kong Country Returns game.Rambi
24%
Donkey Kong Country 2:Dixie Kong's Double TroubleThis character helps Dixie Kong in Donkey Kong Country 3.Kiddy Kong
22%
Super Mario RPG:Legend of the Seven StarsThe puffball in Super Mario RPG. He is very fluffy like a marshmallow.Mallow
22%
Super Mario LandThe main villain in Mario Land that took Daisy.Tatanga
22%
Donkey Kong 64A Donkey Kong character. It appeared as an assist trophy in the newest Super Smash Brothers Ultimate and will bite enemy teams.Klap Trap
21%
Yoshi's Island DSA fat version of the Shy Guy that appeared in Yoshi's Island DS.Fat Guy
17%
Super Mario GalaxyThe female version of Kamek that appeared in Super Mario 3D World.Kamella
17%
New Super Mario Bros. UThe fat version of the hammer bro that just jumps around.Sumo Bro
17%
Donkey Kong CountryThe main enemy found in the original Donkey Kong country games.Kritter
16%
Yoshi's StoryThe pirate version of Shy Guy first appearing in Mario Party 2.Pirate Guy
16%
Wario Ware Inc.:Mega Microgame$This character is from the Wario-Ware series and loves to hang out with Wario and friends. She has orangey hair.Mona
14%
Super Mario RPG:Legend of the Seven StarsFaster then fast, quicker then quick, no its not Sonic but its Yoshi with glasses.Boshi
12%
Luigi's MansionThe proffesor appears mainly as a supporting character in the Luigi's Mansion series as a supporting character that created the poltergeist.Proffesor E. Gadd
12%
Super Mario RPG:Legend of the Seven StarsThe main antagonist and final boss of Mario RPG.Smithy
12%
New Super Mario Bros.A boss in the New Super Mario Brothers series and shoots thunder out of his cloud.Lakithunder
10%
Paper MarioThe mailman in the paper mario series that delivers mail to the Mario Bros.Para-Karry
10%
Donkey Kong Country Tropical FreezeThis Walrus is the main villain of Donkey Kong Tropical Freeze. Lord Fredrick
9%
Super Mario SunshineThe elderly version of a Noki.Noki Elder
9%
Super Mario 3D WorldThese are the faries that Bowser kidnaps during Super Mario 3D World.Sprixie Princess
9%
Super Mario RPG:Legend of the Seven StarsPart of the Axem Rangers from Super Mario RPG. It is the black one.Axem Black
7%
Super Mario RPG:Legend of the Seven StarsPart of the Axem Rangers from Super Mario RPG. It is the green one.Axem Green
7%
Super Mario RPG:Legend of the Seven StarsPart of the Axem Rangers from Super Mario RPG. It is the pink one.Axem Pink
7%
Super Mario RPG:Legend of the Seven StarsPart of the Axem Rangers from Super Mario RPG. It is the red one.Axem Red
7%
Super Mario RPG:Legend of the Seven StarsPart of the Axem Rangers from Super Mario RPG. It is the yellow one.Axem Yellow
7%

Score Distribution

Percentile by Number Answered

Percent of People with Each Score

Your Score History

You have not taken this quiz since the last reset